32 internationale Organisationen - Statistiken

Allgemein
  • Dieses Quiz wurde 83 mal gespielt
  • Das Durchschnittsergebnis liegt bei 11 aus 32
Antwortstatistiken
Gründung Hauptsitz Mitglieder Organisation % Korrekt
1945 NewYork 193 Länder UNO - Vereinte Nationen
91%
1949 Brüssel 32 Staaten North Atlantic Treaty Organization (NATO)
87%
1998 Brüssel alle Länder mit € Euro - Gruppe
84%
1952 Luxemburg 27 Richter Europäischer Gerichtshof (EuGH)
59%
1945 Den Haag 15 Richter Internationaler Gerichtshof (IGH)
59%
1960 Wien 13 erdölliefernde Länder Organization of Petroleum Export Countries (OPEC)
55%
1952 Straßburg 751 Abgeordnete Europäisches Parlament
50%
2002 Addis Abeba 55 afrik. Staaten Afrikanische Union (AU)
46%
1974 Brüssel alle 🇪🇺 Staatschefs Europäischer Rat (ER)
45%
1975 - 7 oder 8 Industriestaaten G7 / G8 / Gruppe der Sieben / Gruppe der Acht
42%
1952 Brüssel 27 Kommissare EU-Kommission (EK)
39%
1946 Paris 204 Mitglieder UNESCO
38%
1947 Genf 194 Länder World Health Organisation (WHO)
38%
1946 New York 13 Tsd. Mitarbeiter aus 190 Ländern UNICEF
34%
1946 New York 5 ständige & 10 variableMitglieder UN - Sicherheitsrat
34%
1955 - 1991 Moskau & Lwiw 8 Mitgliedsstaaten des Ostblocks Warschauer Pakt
32%
1975 Luxemburg 27 Mitglieder Europäischer Rechnungshof (EuRH)
29%
1999 - 20 Industrie, & Schwellenländer G20 / Gruppe der Zwanzig
29%
1931 London 56 Mitgliedsstaaten Commonwealth of Nations
28%
1949 Straßburg 46 Mitgliedstaaten Europarat
26%
1993 Frankfurt 19 Mitgliedsstaaten Europäische Zentralbank (EZB)
22%
1994 Genf 164 Mitglieder World Trade Organisation (WTO)
22%
1945 Kairo 22 Mitglieder Arabische Liga
21%
1944 Washington 190 Mitgliedsstaaten Internationaler Währungsfonds (IWF)
16%
1945 Washington D. C. 189 Staaten The World Bank /Weltbank
16%
1960 Paris 38 Mitgliedstaaten Organisation für wirtschaftliche Zusammenarbeit & Entwicklung (OECD)
14%
2006 Genf 47 Mitglieder Menschenrechtsrat der UN (UNHRC)
12%
1948 New York 121 Staaten UN - Friedenstruppe
9%
1957 Brüssel 329 Mitglieder EU - Wirtschafts, - & Sozialausschuss (EWSA)
5%
2004 Midrand 255 Abgeordnete aus55 Mitgliedsstaaten Panafrikanisches Parlament (PAP)
4%
1948 Washington D. C. 34 Mitglieder Organisation Amerikanischer Staaten (OAS)
1%
1961 Rom 36 Mitgliedstaaten World Food Programme (WFP)
0%
Keine übereinstimmenden Quizze gefunden
Verteilung der Resultate
Anzahl Personen mit jedem Resultat
Perzentil nach korrekt beantworteten Fragen
Ihre Resultats-Entwicklung
Sie haben dieses Quiz noch nicht gespielt